| 000 | 00660nam a2200205 u 4500 | ||
|---|---|---|---|
| 005 | 20240815063727.0 | ||
| 008 | 160629s2009 mx r 000 0 spa d | ||
| 020 | _a9789685771481 | ||
| 035 | _aUPN01000211764 | ||
| 049 | _aI | ||
| 050 | 4 |
_aPZ76.3 _bS2.34 |
|
| 100 | 1 |
_aSalazar García, Martha _936991 |
|
| 245 | 1 | 0 |
_aHistoria de un berrendo peninsular / _cMartha Salazar García ; il. Claudio Contreras Koob. |
| 260 |
_aMéxico : _bPluralia, _c2009. |
||
| 300 |
_a[30] p. : _bil. col. |
||
| 650 | 4 |
_aAnimales _xHábitos y comportamiento _91059 |
|
| 650 | 4 |
_aANIMALES - _xTRATAMIENTO _94733 |
|
| 650 | 0 |
_aBienestar de los animales _924513 |
|
| 905 | _aInfantil | ||
| 999 |
_c183865 _d183865 |
||